Marilah membaca, buku 2

Bibliographic Details
Main Author: Dolhaji Nekmat
Format: Book
Published: Kuala Lumpur : Utusan Publications & Distributors Sdn Bhd , 2007
Series:Siri program celik huruf (pacu)Bahasa Melayu
Subjects:

MARC

LEADER 00000cam a2200000 7i4500
001 0000057437
005 20220105104204.0
008 151228
020 |a 9676119326 
090 0 0 |a EDU MAL 
100 1 |a Dolhaji Nekmat 
245 1 0 |a Marilah membaca, buku 2   |c Dolhaji Nekmat 
260 |a Kuala Lumpur :   |b Utusan Publications & Distributors Sdn Bhd ,   |c 2007 
490 1 |a Siri program celik huruf (pacu)Bahasa Melayu 
500 |a Children age 4-6 years old (yellow) 
650 0 |a Education, Elementary 
650 0 |a Reading--Phonetic method 
999 |a 0001049718   |b Book   |c Children Collection   |e Cawangan Tmn. Ungku Tun Aminah 
999 |a 0001049719   |b Book   |c Children Collection   |e Cawangan Pontian 
999 |a 0001049721   |b Book   |c Children Collection   |e Cawangan Segamat 
999 |a 0001054207   |b Book   |c Children Collection   |e Cawangan Segamat